John Kerry Quiz - Statistics

General Stats
  • This quiz has been taken 27 times
  • The average score is 9 of 13
Answer Stats
Hint Answer % Correct
War he fought in Vietnam War
100%
Year he ran for President 2004
95%
State he was a Senator of Massachusetts
95%
Position he succeeded Hillary Clinton in Secretary of State
90%
Contested state in that election that Kerry conceded without too much trouble Ohio
80%
One of the two states that flipped to George W. Bush in that election Iowa | New Mexico
75%
His running mate in that election John Edwards
75%
He was rumored to have this procedure Botox
65%
The one state that flipped to John Kerry New Hampshire
65%
Item that he won three times Purple Hearts
65%
He is a Special Presidential Envoy for this Climate Change
60%
And the one state that had a faithless elector in that election Minnesota
30%
His wife's name Teresa Heinz Kerry
30%
No matching quizzes found
Score Distribution
Percent of People with Each Score
Percentile by Number Answered
Your Score History
You have not taken this quiz